| 000 | 00643nam a22001937a 4500 | ||
|---|---|---|---|
| 999 |
_c7768 _d7768 |
||
| 001 | 15184 | ||
| 003 | BD-DhUAP | ||
| 005 | 20210201112929.0 | ||
| 008 | 200302r20082006enka|||| b||| 001 0 eng d | ||
| 040 |
_aBD-DhUAP _bEng _cBD-DhUAP _dBD-DhUAP |
||
| 082 |
_223 _a428 DUB |
||
| 100 | _aDubin, Fraida. | ||
| 245 |
_aCourse design : _bdeveloping programs and materials for language learning / _cFraida Dubin and Elite Olshtain. |
||
| 260 |
_aCambridge : _bCambridge University Press, _cc2002. |
||
| 300 |
_a184 pages ; _c23 cm. |
||
| 650 | _aEnglish language -- Study and teaching -- Foreign speakers. | ||
| 700 | _aOlshtain, Elite. | ||
| 942 |
_2ddc _cBK |
||